Caricamento...
ആത്മകഥ
| Autori principali: | , |
|---|---|
| Natura: | Printed Book |
| Edizione: | 1st |
| Soggetti: |
| LEADER | 00557nam a22001817a 4500 | ||
|---|---|---|---|
| 082 | |a 920 |b OSH/A | ||
| 100 | |a ഓഷോ |9 113795 | ||
| 100 | |a Osho |9 113797 | ||
| 240 | |a Athmakatha | ||
| 245 | |a ആത്മകഥ | ||
| 250 | |a 1st | ||
| 300 | |a 319p. | ||
| 504 | |a | ||
| 650 | |a മലയാളം; ആത്മകഥ |9 113798 | ||
| 650 | |a Malayalam; Autobiography |9 113799 | ||
| 942 | |c BK | ||
| 999 | |c 55829 |d 55829 | ||
| 952 | |0 0 |1 0 |4 0 |6 920_000000000000000_OSH_A |7 0 |8 Auto Biogr |9 66692 |a MAL |b MAL |d 2016-07-08 |e 46437 |g 150.00 |l 0 |o 920 OSH/A |r 2016-07-08 |t 1 |w 2016-07-08 |y BK | ||